书目信息 |
| 题名: |
中山狼
|
|
| 作者: | 印鼎樑 改编 | |
| 分册: | ||
| 出版信息: | 太原 山西古籍出版社 2010.12 |
|
| 页数: | 312页 | |
| 开本: | 20cm22247cm | |
| 丛书名: | 中国六大古典喜剧白话小说 | |
| 单 册: | ||
| 中图分类: | I247.57 | |
| 科图分类: | 44.5728 | |
| 主题词: | 长篇小说--中国--现代 , 长篇小说 | |
| 电子资源: | ||
| ISBN: | 7-80598-254-6 | |
| 000 | 00736nam2 2200265 450 | |
| 001 | 1135837046 | |
| 005 | 20111228150701.15 | |
| 010 | @a7-80598-254-6@dCNY29.80 | |
| 100 | @a20021005d2010 em y0chiy50 ea | |
| 101 | 0 | @achi |
| 102 | @aCN@b140000 | |
| 105 | @ay z 000ay | |
| 200 | 1 | @a中山狼@9zhong shan lang@b专著@f印鼎樑改编 |
| 210 | @a太原@c山西古籍出版社@d2010.12 | |
| 215 | @a312页@d20cm22247cm | |
| 225 | 2 | @a中国六大古典喜剧白话小说 |
| 300 | @a(明)康海原著 | |
| 410 | 0 | @12001@a中国六大古典喜剧白话小说 |
| 606 | 0 | @a长篇小说@y中国@z现代 |
| 606 | 0 | @a长篇小说 |
| 690 | @aI247.57@v3 | |
| 692 | @a44.5728@v2 | |
| 701 | 0 | @a印鼎樑@9yin ding liang@4改编 |
| 801 | 0 | @aCN@bNLC@c19990111 |
| 905 | @aZUCC@dI247.57@eY611 | |
| 中山狼/印鼎樑改编.-太原:山西古籍出版社,2010.12 |
| 312页;20cm22247cm.-(中国六大古典喜剧白话小说) |
| (明)康海原著 |
| ISBN 7-80598-254-6:CNY29.80 |
| ● |
| 相关链接 |
|
|
|
正题名:中山狼
索取号:I247.57/Y611
 
预约/预借
| 序号 | 登录号 | 条形码 | 馆藏地/架位号 | 状态 | 备注 |
| 1 | 467164 | 204671649 | 文学库108/108文学库 54排5列1层/ [索取号:I247.57/Y611] | 在馆 | |
| 2 | 467225 | 204672256 | 文学库108/108文学库 54排5列1层/ [索取号:I247.57/Y611] | 在馆 |